000 00593cam2a220021700 4500
001 zam00003556
008 951128s1966 xx eng u
035 _a(Sirsi) r20882
035 _a(MACHINE)SLC.
100 _aSumner, B.
_6A82415.1
245 1 0 _aSurvey of Russian History.
260 _c1966.
949 _aDK41
_wlcc
_mMAIN
_p2500
_tSHORTLOAN
_lSHORTLOAN
004 20882
591 _aClass code: H 440.
591 _aCourse: History of the Soviet Union.
591 _aSchool: S05.
591 _aLecturer: Dr. KASHIMANI, F.
591 _aNumber of Students: 18.
909 _aBook
999 _c8535
_d8535